<?xml version="1.0" encoding="UTF-8"?>
<collection xmlns="http://www.loc.gov/MARC21/slim">
 <record>
  <leader>01269nam0a2200265   4500</leader>
  <controlfield tag="001">in00000003109</controlfield>
  <controlfield tag="005">20230112184048.9</controlfield>
  <datafield tag="010" ind1=" " ind2=" ">
   <subfield code="a">978-7-5086-8348-5</subfield>
   <subfield code="b">精装</subfield>
   <subfield code="d">CNY68.00</subfield>
  </datafield>
  <datafield tag="035" ind1=" " ind2=" ">
   <subfield code="a">009480989</subfield>
  </datafield>
  <datafield tag="100" ind1=" " ind2=" ">
   <subfield code="a">20181129d2018    em y0chiy50      ea</subfield>
  </datafield>
  <datafield tag="101" ind1="1" ind2=" ">
   <subfield code="a">chi</subfield>
   <subfield code="c">eng</subfield>
  </datafield>
  <datafield tag="102" ind1=" " ind2=" ">
   <subfield code="a">CN</subfield>
   <subfield code="b">110000</subfield>
  </datafield>
  <datafield tag="105" ind1=" " ind2=" ">
   <subfield code="a">a   z   000yy</subfield>
  </datafield>
  <datafield tag="106" ind1=" " ind2=" ">
   <subfield code="a">r</subfield>
  </datafield>
  <datafield tag="200" ind1="1" ind2=" ">
   <subfield code="a">穿衣的基本</subfield>
   <subfield code="9">chuan yi de ji ben</subfield>
   <subfield code="d">How to get dressed</subfield>
   <subfield code="f">(美)艾莉森·弗里尔著</subfield>
   <subfield code="g">丁晓倩译</subfield>
   <subfield code="z">eng</subfield>
  </datafield>
  <datafield tag="210" ind1=" " ind2=" ">
   <subfield code="a">北京</subfield>
   <subfield code="c">中信出版集团股份有限公司</subfield>
   <subfield code="d">2018</subfield>
  </datafield>
  <datafield tag="215" ind1=" " ind2=" ">
   <subfield code="a">13,231页</subfield>
   <subfield code="c">图，照片</subfield>
   <subfield code="d">21cm</subfield>
   <subfield code="e">1附件(20页)</subfield>
  </datafield>
  <datafield tag="307" ind1=" " ind2=" ">
   <subfield code="a">附：穿衣这件事达人说</subfield>
  </datafield>
  <datafield tag="330" ind1=" " ind2=" ">
   <subfield code="a">本书作者担任过150余部电影、电视剧、时尚盛典服装指导。她每天都会进行数次服装采购，处理各种着装问题，无数次化腐朽为神奇。在本书中，她将20多年的秘密和盘托出，介绍了上百条穿衣精髓，涵盖选购、造型、裁剪、面料、保养、衣橱管理。</subfield>
  </datafield>
  <datafield tag="510" ind1="1" ind2=" ">
   <subfield code="a">How to get dressed</subfield>
   <subfield code="z">eng</subfield>
  </datafield>
  <datafield tag="606" ind1="0" ind2=" ">
   <subfield code="a">服饰美学</subfield>
   <subfield code="j">通俗读物</subfield>
  </datafield>
  <datafield tag="690" ind1=" " ind2=" ">
   <subfield code="a">TS941.11</subfield>
   <subfield code="v">5</subfield>
  </datafield>
  <datafield tag="701" ind1=" " ind2="0">
   <subfield code="c">(美)</subfield>
   <subfield code="a">弗里尔</subfield>
   <subfield code="9">fu li er</subfield>
   <subfield code="c">(Freer, Alison)</subfield>
   <subfield code="4">著</subfield>
  </datafield>
  <datafield tag="702" ind1=" " ind2="0">
   <subfield code="a">丁晓倩</subfield>
   <subfield code="9">ding xiao qian</subfield>
   <subfield code="4">译</subfield>
  </datafield>
  <datafield tag="999" ind1="f" ind2="f">
   <subfield code="s">86327434-589e-4fa1-9b9e-f955e3049acd</subfield>
   <subfield code="i">7a1fc4ce-a931-40ee-b2dd-ee6e2b85ba48</subfield>
  </datafield>
 </record>
</collection>
